000 00582nam a2200229Ia 4500
003 OSt
005 20220928102144.0
006 a|||||r|||| 00| 0
007 ta
008 220927b |||||||| |||| 00| 0 eng d
024 _a129149
037 _cTextual
040 _aSDCL
_cSDCL
_beng
041 _2eng
_aeng
082 _aR325, L0;1
100 _aWarnock Mary
_9396844
245 0 _aExistentialism.
260 _aOxford
_bOxford University Press
_c1970
300 _a144p
_ccm.
942 _hR325, L0;1
_cTEXL
_2CC
999 _c712604
_d712604